000 01227nam a22002537a 4500
005 20091207120749.0
008 091207t xxu||||| |||| 00| 0 hin d
010 _aHIN-88751
020 _c190.00
_a9788179651650
035 _aHN-61097
037 _bDBAD / PUB
040 _aDPL
_bHN
082 _a302.2
100 _aकुन्दरा, बलबीर
245 _aजनसंचारः बदलते परिप्रेक्ष्य में /
_cबलबीर कुन्दरा
246 _aJansanchar; Badalte Pariprekya Man /
_bBalbir Kundara
260 _aनई दिल्ली
_bतक्षशिला प्रकाशन
_c2009
270 _a98-ए, हिन्दी पार्क, दरियागंज
_bनई दिल्ली
_e110002
300 _a342पृ
_c22सेमी (अजिल्द)
650 _aजनसंचार
_zभारत
650 _aMass communication
_zIndia
942 _2ddc
_cHN
_h302.2
_mकुन्दरा
999 _c32184
_d32184